|
|
|
|
| LEADER |
00000naa2a2200000 4500 |
| 001 |
605499 |
| 005 |
20231101132345.0 |
| 035 |
|
|
|a (RuTPU)RU\TPU\conf\2801
|
| 035 |
|
|
|a RU\TPU\conf\2799
|
| 090 |
|
|
|a 605499
|
| 100 |
|
|
|a 20140416d2013 k y0rusy50 ca
|
| 101 |
0 |
|
|a rus
|
| 102 |
|
|
|a RU
|
| 105 |
|
|
|a y z 101zy
|
| 135 |
|
|
|a drnn ---uucaa
|
| 181 |
|
0 |
|a i
|
| 182 |
|
0 |
|a b
|
| 200 |
1 |
|
|a Эффективность эксплуатации скважин газлифтным способом на месторождении "Белый Тигр" (Вьетнам)
|f Лыонг Ван Фо
|g науч. рук. В. Н. Арбузов
|
| 203 |
|
|
|a Текст
|c электронный
|
| 225 |
1 |
|
|a Техническое направление
|
| 230 |
|
|
|a 1 компьютерный файл (pdf; 456 Kb)
|
| 300 |
|
|
|a Заглавие с титульного экрана
|
| 320 |
|
|
|a [Библиогр.: с. 286 (2 назв.)]
|
| 337 |
|
|
|a Adobe Reader
|
| 461 |
|
1 |
|0 (RuTPU)RU\TPU\conf\71
|t Научная инициатива иностранных студентов и аспирантов российских вузов
|o сборник докладов VI Всероссийской научно-практической конференции, Томск, 24-26 апреля 2013 г.
|f Ассоциация иностранных студентов в России (АИС); Национальный исследовательский Томский политехнический университет (ТПУ), Институт международного образования и языковой коммуникации (ИМОЯК)
|o в 2 т.
|d 2013
|
| 463 |
|
1 |
|0 (RuTPU)RU\TPU\conf\72
|t Т. 1
|v [С. 281-286]
|d 2013
|
| 610 |
1 |
|
|a труды учёных ТПУ
|
| 610 |
1 |
|
|a электронный ресурс
|
| 610 |
1 |
|
|a эксплуатационная эффективность
|
| 610 |
1 |
|
|a скважины
|
| 610 |
1 |
|
|a газлифтный способ
|
| 610 |
1 |
|
|a месторождения
|
| 610 |
1 |
|
|a Белый Тигр
|
| 610 |
1 |
|
|a Вьетнам
|
| 700 |
|
0 |
|a Лыонг Ван Фо
|
| 702 |
|
1 |
|a Арбузов
|b В. Н.
|c геолог
|c доцент Томского политехнического университета, кандидат физико-математических наук
|f 1952-
|g Валерий Николаевич
|2 stltpush
|4 727
|
| 712 |
0 |
2 |
|a Национальный исследовательский Томский политехнический университет (ТПУ)
|b Институт природных ресурсов (ИПР)
|b Кафедра геологии и разработки нефтяных месторождений (ГРНМ)
|h 258
|2 stltpush
|3 (RuTPU)RU\TPU\col\18657
|
| 801 |
|
2 |
|a RU
|b 63413507
|c 20230320
|g RCR
|
| 856 |
4 |
|
|u http://www.lib.tpu.ru/fulltext/c/2013/C19/V1/048.pdf
|
| 942 |
|
|
|c BK
|